| 000 | 01463cam a22003614a 4500 | ||
|---|---|---|---|
| 001 | 13207671 | ||
| 003 | OSt | ||
| 005 | 20250609150648.0 | ||
| 008 | 030521s2004 nyua 001 0 eng | ||
| 010 | _a 2003054074 | ||
| 020 | _a0072843063 (alk. paper) | ||
| 040 |
_aDLC _cDLC _dDLC |
||
| 042 | _apcc | ||
| 050 | 0 | 0 |
_aHD62.4 _b.K6575 2004 |
| 082 | 0 | 0 |
_a658/.049 _221 |
| 100 | 1 | _aKonopaske, Robert. | |
| 245 | 1 | 0 |
_aGlobal management and organizational behavior : _btext, readings, cases, and exercises / _cRobert Konopaske, John M. Ivancevich. |
| 250 | _a1st ed. | ||
| 260 |
_aBoston : _bMcGraw-Hill/Irwin, _cc2004. |
||
| 300 |
_axv, 436 p. : _bill. ; _c24 cm. |
||
| 500 | _aIncludes index. | ||
| 650 | 0 |
_aInternational business enterprises _xManagement. |
|
| 650 | 0 | _aManagement. | |
| 650 | 0 | _aOrganizational change. | |
| 650 | 0 | _aStrategic alliances (Business) | |
| 700 | 1 | _aIvancevich, John M. | |
| 856 | 4 | 1 |
_3Table of contents _uhttp://www.loc.gov/catdir/toc/mh041/2003054074.html |
| 856 | 4 | 2 |
_3Publisher description _uhttp://www.loc.gov/catdir/description/mh041/2003054074.html |
| 856 | 4 | 2 |
_3Contributor biographical information _uhttp://www.loc.gov/catdir/enhancements/fy0737/2003054074-b.html |
| 906 |
_a7 _bcbc _corignew _d1 _eocip _f20 _gy-gencatlg |
||
| 942 |
_2lcc _cBK _n0 |
||
| 999 |
_c6363 _d6363 |
||